Statistics for Bandwagon Quiz - Baltimore Orioles

Click here to take the quiz!

General Stats

  • This quiz has been taken 39 times
  • The average score is 15 of 20

Answer Stats

HintAnswer% Correct
What former Oriole holds the record for consecutive games played?Cal Ripken Jr.
100%
How many World Series titles have the Orioles won?3
97%
The Orioles' ballpark is called "Oriole Park at _____".Camden Yards
97%
The oriole is the state bird of which state?Maryland
89%
What other MLB team shares a rivalry with the Orioles called the "Beltway Series"?Washington Nationals
89%
Who currently manages the Orioles?Brandon Hyde
86%
What was the only MLB team to sweep the Orioles in a series in 2023?Texas Rangers
86%
What legendary pitcher leads the Orioles in all-time strikeouts and wins?Jim Palmer
83%
What is the name of the Orioles' Triple-A affiliate?Norfolk Tides
80%
What current Orioles closer comes out to a whistling noise from "The Wire"?Felix Bautista
74%
Before Baltimore, the Orioles were known as the "Browns" and played where?St. Louis
74%
Orioles fans love to yell "O!" during what song?The Star-Spangled Banner
74%
What former Oriole holds the record for single-season home runs?Chris Davis
71%
The Orioles were the first team to win what kind of playoff game?Wild Card
66%
Who currently owns the Orioles?David Rubenstein
63%
The Orioles' mascot is known simply as what?The Oriole Bird
63%
The Orioles play what John Denver song during the 7th-inning stretch?Thank God I'm a Country Boy
60%
The famous "O!" cry was heard during what Baltimore-born olympian's celebration in Rio de Janeiro?Michael Phelps
43%
What is the name of the Orioles' win song, created for the team?Orioles Magic
31%
Rex Barney, the longtime PA announcer, was famous for offering what to fans when they caught foul balls?A Contract
29%

Score Distribution

Percentile by Number Answered

Percent of People with Each Score

Your Score History

You have not taken this quiz